Introductory nuclear theory

-д хадгалсан:
Номзүйн дэлгэрэнгүй
Үндсэн зохиолч: Elton, L. R (Зохиогч)
Формат: Ном
Хэл сонгох:англи
Хэвлэсэн: Nueva York Interscience 1959
Нөхцлүүд:
Шошгууд: Шошго нэмэх
Шошго байхгүй, Энэхүү баримтыг шошголох эхний хүн болох!

MARC

LEADER 00000nam a2200000 a 4500
001 UCP8162
003 CL-VaPUC
008 000114e19590000US |||||||||||||||||eng|d
082 0 4 |a 539.7  |b ELT  |2 21 
100 0 |a Elton, L. R  |e author  |9 437915 
245 1 0 |a Introductory nuclear theory 
300 |a 286 p 
942 |c BK 
945 |d 20000114 00:00:00  |a cmena 
260 |a Nueva York  |b Interscience  |c 1959 
500 |a Donación de Don Walter Zeller Allier 
650 7 |a FISICA NUCLEAR  |2 CL-VaPUC  |9 270366 
650 7 |a PROPIEDADES ATOMICAS  |2 CL-VaPUC  |9 360510 
650 7 |a TEORIA ATOMICA  |2 CL-VaPUC  |9 313933 
650 7 |a REACCIONES NUCLEARES  |2 CL-VaPUC  |9 370148 
650 7 |a DESINTEGRACION RADIACTIVA  |2 CL-VaPUC  |9 374135 
583 |a last modification  |c 20000114 00:00:00  |k Rodrigo Vera 
999 |c 285112  |d 285110